Metal Band Members - Statistics

General Stats
  • This quiz has been taken 982 times
  • The average score is 4 of 13
Answer Stats
Hint Answer % Correct
Joey Jordison, Shawn Crahan, Craig Jones, Mick Thomson, Corey Taylor, Sid Wilson, Chris Fehn, Jim Root, Paul Gray Slipknot
89%
M. Shadows, Syn Gates, Zacky V, Johnny Crist, The Rev Avenged Sevenfold
80%
Matt Tuck, Michael Padget, Michael Thomas, Jason James Bullet For My Valentine
43%
Ronnie Radke, Ron Ficarro, Jacky Vincent, Ryan Seaman, Derek Jones Falling In Reverse
36%
Chris Garza, Mitch Lucker, Mark Heylum, Alex Lopez, Dan Kenny Suicide Silence
34%
Ben Bruce, James Cassells, Danny Worsnop, Cameron Liddell, Sam Bettley Asking Alexandria
29%
Craig Mabbitt, Bryan Money, Michael Money, Robert Ortiz, Thomas Bell Escape The Fate
25%
Gabe Barham, Kellin Quinn, Justin Hills, Jesse Lawson, Jack Fowler Sleeping With Sirens
24%
Adam Grontier, Barry Stock, Neil Sanderson, Brad Walst Three Days Grace
21%
Caleb Shomo, Andrew Wetzel, Andrew Whiting, John Holgado Attack Attack!
12%
Alex Koehler, Andrew Carlston, Jason Richardson, Dan Jones, Jake Harmond, David Flinn Chelsea Grin
10%
Nick Matthews, Joel Faviere, John Braddock, Bradley Lloyd, Dan Edwards Get Scared
7%
Martin Broda, Angelo Aita, Andew Paiano, Daniel Paiano, Sebastian Cassisi Nunez, Daniel Ciccotelli, Chris Taylor Abandon All Ships
6%
No matching quizzes found
Score Distribution
Percent of People with Each Score
Percentile by Number Answered
Your Score History
You have not taken this quiz